[Event "Naantalin Open"]
[Site "Naantali FIN"]
[Date "2011.07.08"]
[Round "7"]
[White "Tuominen,R"]
[Black "Maki Uuro,Mi"]
[Result "1/2-1/2"]
[WhiteElo "2293"]
[BlackElo "2328"]

1.d4 Nf6 2.c4 e6 3.Nf3 b6 4.Nc3 Bb4 5.g3 Bb7 6.Bg2 O-O 7.O-O Bxc3 8.bxc3 d6
9.c5 dxc5 10.dxc5 bxc5 11.Ba3 Nbd7 12.Qa4 Nb6 13.Qa5 Nfd7 14.Rfd1 Nc4 15.Qa4 Ndb6
16.Qb5 Nxa3 17.Qxc5 Bd5 18.Qxa3 Qd6 19.Qb4 c5 20.Qh4 Qc7 21.Rac1  1/2-1/2

[Event "86th ch-Paris IdF"]
[Site "Paris FRA"]
[Date "2011.07.08"]
[Round "7.2"]
[White "Arnold,Mar"]
[Black "Panchanathan,M"]
[Result "1/2-1/2"]
[WhiteElo "2445"]
[BlackElo "2556"]

1.d4 Nf6 2.c4 e6 3.Nf3 b6 4.Nc3 Bb4 5.Bg5 h6 6.Bh4 g5 7.Bg3 Ne4 8.Qc2 Bb7
9.e3 Bxc3+ 10.bxc3 d6 11.Bd3 f5 12.d5 Na6 13.Nd4 Nac5 14.O-O O-O 15.f3 Nxg3
16.hxg3 Qf6 17.dxe6 Nxd3 18.Qxd3 c5 19.Nb5 Rad8 20.g4 fxg4 21.fxg4 Qxe6 22.Rxf8+ Rxf8
23.Rf1 Rxf1+ 24.Kxf1 d5 25.Kg1 Qe4 26.Qxe4 dxe4 27.Nxa7 Kf7 28.Kf2 Ke6 29.Nb5 Bc6
30.Nc7+ Ke5 31.Nd5 b5 32.Ne7 Bd7 33.cxb5 Bxb5 34.a3 Bd7 35.Ng8 Bxg4 36.Nxh6 Be6
37.g4 Bb3 38.Ke1 Kf6 39.Nf5 Ke5 40.Kd2 Ke6 41.Ng3 Ke5 42.Nh1 Kd5 43.Nf2 Ba4
44.Nh3 Bd7 45.Nxg5 Bxg4 46.a4 Bd7 47.a5 Bc8 48.Kc2 Ba6 49.Nh3 Kc4  1/2-1/2

[Event "86th ch-Paris IdF"]
[Site "Paris FRA"]
[Date "2011.07.08"]
[Round "7.10"]
[White "Zysk,R"]
[Black "Fitzsimons,D"]
[Result "1-0"]
[WhiteElo "2437"]
[BlackElo "2251"]

1.d4 Nf6 2.Nf3 e6 3.c4 b6 4.Nc3 Bb7 5.Bg5 Be7 6.Qc2 h6 7.Bh4 c5 8.Rd1 cxd4
9.Nxd4 a6 10.e4 Qc7 11.Be2 d6 12.O-O g5 13.Bg3 Nbd7 14.Rfe1 Ne5 15.b3 Rc8
16.Qb2 Nfd7 17.Bh5 Kf8 18.f4 gxf4 19.Bxf4 Bg5 20.Qf2 Kg7 21.Bxg5 hxg5 22.Bxf7 Nc5
23.Bxe6 Rce8 24.Bd5 Rxh2 25.Qg3 Reh8 26.Qxg5+ Kf8 27.Nf5 Ncd3 28.Kf1 Bc8
29.Re3 Bxf5 30.Qxf5+ Ke8 31.Qe6+ Kd8 32.Rdxd3 Nxd3 33.Qf6+ Kc8 34.Rxd3 R2h6
35.Qf2 Qg7 36.Rf3 Rg6 37.g3 Qh6 38.Ke2 Rg7 39.Qxb6 Qh2+ 40.Qf2 Qh5 41.Kd3 Re8
42.Bf7  1-0

[Event "8th South Wales Int"]
[Site "Penarth WLS"]
[Date "2011.07.09"]
[Round "2.2"]
[White "Menadue,J"]
[Black "Wells,P"]
[Result "0-1"]
[WhiteElo "2165"]
[BlackElo "2489"]

1.d4 Nf6 2.c4 e6 3.Nf3 b6 4.Nc3 Bb7 5.Bg5 Be7 6.e3 O-O 7.Bd3 c5 8.O-O d6
9.Qe2 Nbd7 10.Rfd1 Rc8 11.Rac1 Re8 12.b3 a6 13.dxc5 Rxc5 14.Bh4 Qa8 15.Bb1 b5
16.cxb5 Rec8 17.bxa6 Bxf3 18.Qxf3 Qxf3 19.gxf3 Rxc3 20.Rxc3 Rxc3 21.Bxf6 gxf6
22.Rd4 d5 23.a7 Rc8 24.Rg4+ Kh8 25.Ra4 Ra8 26.b4 Nb6 27.Ra6 Nc8 28.b5 Bd8
29.Rc6 Nb6 30.Rd6 Bc7 31.Rc6 Rxa7 32.Bc2 Kg7 33.a4 Nc4 34.Kg2 Ne5 35.Rc3 Ba5
36.Rb3 Rc7 37.Bd1 Rc1 38.Be2 Rc2 39.Kf1 Nc4 40.Bxc4 dxc4 41.Rb1 c3 42.b6 Rb2  0-1

[Event "5th Varna Open"]
[Site "Golden Sands BUL"]
[Date "2011.07.10"]
[Round "9"]
[White "Shishkov,M"]
[Black "Musaev,E"]
[Result "1-0"]
[WhiteElo "2295"]
[BlackElo "2120"]

1.d4 Nf6 2.c4 e6 3.Nf3 b6 4.Nc3 Bb4 5.Qb3 c5 6.Bg5 h6 7.Bh4 Nc6 8.e3 Ba6
9.dxc5 bxc5 10.Nd2 Qa5 11.Be2 Rb8 12.Qc2 d5 13.O-O d4 14.Nb3 Qc7 15.Nb5 Qe7
16.a3 Ba5 17.Bf3 Ne5 18.Nxa5 Nxf3+ 19.gxf3 Bxb5 20.cxb5 Rxb5 21.Qa4 Qd7 22.Nc4 O-O
23.Bxf6 gxf6 24.Nd6 Qc6 25.Nxb5  1-0

[Event "Lev Polugaevsky Mem"]
[Site "Samara RUS"]
[Date "2011.07.11"]
[Round "7"]
[White "Ushakova,I"]
[Black "Sidorov,A"]
[Result "0-1"]
[WhiteElo "2126"]
[BlackElo "2331"]

1.d4 Nf6 2.c4 e6 3.Nf3 b6 4.Nc3 Bb7 5.Bg5 h6 6.Bxf6 Qxf6 7.e3 Qd8 8.Bd3 d6
9.O-O Nd7 10.Rc1 Be7 11.Be4 c6 12.d5 exd5 13.cxd5 c5 14.Bb1 a6 15.a4 O-O
16.Qd3 g6 17.Nd2 Ne5 18.Qe2 Bf6 19.Nde4 Qe7 20.Nxf6+ Qxf6 21.f4 Nd7 22.e4 Rfe8
23.Rce1 Qg7 24.Qd2 c4 25.Rf3 Rac8 26.Rg3 Rc5 27.Ne2 Kf8 28.Nd4 Qf6 29.Nf3 c3
30.bxc3 Qxc3 31.Qxc3 Rxc3 32.Ne5 Rxg3 33.Nxd7+ Ke7 34.hxg3 Kxd7 35.Rc1 Rc8
36.Rxc8 Kxc8 37.Kf2 Kc7 38.Ke3 Bc8 39.Kd4 Bd7 40.Bc2 Kd8 41.Bb3 Ke7 42.Bd1 a5
43.Bc2 g5 44.e5 b5 45.axb5 Bxb5 46.Bd3 Ba4 47.Be4 f6 48.e6 h5 49.Kc3 h4 50.gxh4 gxh4
51.Bc2 Bb5 52.Bd3 Be8 53.Kb3 Kd8 54.Kc4 Ba4 55.Kc3 Bd1 56.Bc2 Bf3  0-1

[Event "8th South Wales Int"]
[Site "Penarth WLS"]
[Date "2011.07.14"]
[Round "9.5"]
[White "Pleasants,A"]
[Black "Cobb,J"]
[Result "0-1"]
[WhiteElo "2092"]
[BlackElo "2408"]

1.Nf3 Nf6 2.d4 e6 3.c4 b6 4.Nc3 Bb7 5.Bg5 Be7 6.e3 O-O 7.Bd3 d5 8.Qc2 Nbd7
9.cxd5 exd5 10.Bxf6 Nxf6 11.g4 Bb4 12.O-O-O Bxc3 13.bxc3 Qe7 14.Ne5 Ne4 15.Kb2 f6
16.Nf3 c5 17.Nh4 cxd4 18.Nf5 dxc3+ 19.Qxc3 Nxc3 20.Nxe7+ Kf7 21.Kxc3 d4+
22.exd4 Bxh1 23.Nf5 Bd5 24.Re1 Rac8+ 25.Kb2 Rc7 26.Ne3 Rd8 27.h4 g6 28.h5 Be6
29.Rh1 Kg7 30.h6+ Kf7 31.Rd1 Bd5 32.Re1 Kf8 33.Be2 Bf7 34.Rd1 Rcd7 35.Nc2 g5
36.Bf3 Bg6 37.d5 Bxc2 38.Kxc2 Rd6 39.Kc3 Kf7 40.Kd4 Re8 41.Be4 f5 42.gxf5 Rxh6
43.Rc1 Rh4 44.f3 g4 45.Rc7+ Kf8 46.Kd3 gxf3  0-1

[Event "III Corporation Cup A"]
[Site "Izhevsk RUS"]
[Date "2011.07.15"]
[Round "1"]
[White "Fursov,Dmitriy"]
[Black "Yaksin,O"]
[Result "0-1"]
[WhiteElo "2138"]
[BlackElo "2414"]

1.d4 Nf6 2.c4 e6 3.Nf3 b6 4.Nc3 Bb7 5.Bg5 Bb4 6.Qb3 c5 7.a3 Bxc3+ 8.Qxc3 h6
9.Bxf6 Qxf6 10.O-O-O Bxf3 11.Qxf3 Qxf3 12.exf3 Nc6 13.d5 Nd4 14.Bd3 Ke7 15.Rhe1 Kd6
16.dxe6 fxe6 17.Re4 Rhg8 18.Kd2 Raf8 19.Ke1 g5 20.Kf1 Rg7 21.h3 Kc6 22.Rde1 Rf6
23.h4 d5 24.Rg4 Kd6 25.b4 Nc6 26.hxg5 hxg5 27.cxd5 Ne5 28.bxc5+ bxc5  0-1

[Event "Poznan Summer Open"]
[Site "Poznan POL"]
[Date "2011.07.16"]
[Round "1.17"]
[White "Glatty,Z"]
[Black "Raczynski,Krzysztof"]
[Result "1-0"]
[WhiteElo "1950"]
[BlackElo "1494"]

1.d4 Nf6 2.Nf3 e6 3.c4 b6 4.Nc3 Bb4 5.Qc2 Bb7 6.a3 Bxc3+ 7.Qxc3 d6 8.g3 Nbd7
9.Bg2 O-O 10.O-O c5 11.Rd1 d5 12.b4 cxd4 13.Nxd4 Rc8 14.Nb5 Rxc4 15.Qb3 Ba6
16.Nd6 Rc6 17.Nxf7 Kxf7 18.b5 Nc5 19.Qb4 Rc7 20.bxa6 Nxa6 21.Qb2 Nc5 22.a4 Rb7
23.Be3 Qd7 24.Qb4 Nce4 25.f3 Nd6 26.Bf4 Nf5 27.Bf1 Qe7 28.Qxe7+ Nxe7 29.e3 Ng6
30.Bd6 Rd8 31.Ba6 Rbd7 32.Bb4 Ne5 33.Kf2 Rc7 34.Ke2 Rc2+ 35.Rd2 Rxd2+ 36.Bxd2 Rd7
37.Rc1 Ng6 38.Bb5 Rb7 39.Ba6 Rd7 40.Bc8 Re7 41.Bb4 Re8 42.Rc7+ Kg8 43.Ba6 Ra8
44.Bc8 e5 45.h4 Nf8 46.g4 h6 47.Be7 N8h7 48.Bb7 Rb8 49.Bd6 Re8 50.Bc6 Re6
51.Ba3 g5 52.h5 a5 53.Bb5 Ne8 54.Rc8 Nf6 55.e4 dxe4 56.Bc4 exf3+ 57.Kxf3 e4+
58.Ke2 Kf7 59.Rc6 Ng7 60.Rc7+ Ke8 61.Bxe6 Nxe6 62.Re7+ Kd8 63.Rxe6 Nxg4 64.Rxb6 Kc7
65.Ra6 Kb7 66.Re6 e3 67.Bf8 Kc7 68.Bxh6 Nxh6 69.Rxh6 g4 70.Rg6 Kd7 71.h6 Ke8
72.h7 Ke7 73.h8=Q g3 74.Qh7+ Ke8 75.Rg8+  1-0

[Event "XXIV Open"]
[Site "San Fernando ESP"]
[Date "2011.07.20"]
[Round "7"]
[White "Medina Villalba,Miguel"]
[Black "Arias Rodriguez,M"]
[Result "1/2-1/2"]
[WhiteElo "1835"]
[BlackElo "2040"]

1.d4 Nf6 2.c4 e6 3.Nf3 b6 4.Nc3 Bb4 5.Qc2 Bb7 6.a3 Bxc3+ 7.Qxc3 Ne4 8.Qc2 O-O
9.g3 f5 10.Bg2 c5 11.b3 d6 12.Bb2 Nd7 13.O-O Qe7 14.e3 Rac8 15.Rac1 cxd4
16.exd4 d5 17.Qe2 dxc4 18.bxc4 Ba6 19.Rfd1 Rc7 20.Nd2 Nxd2 21.Rxd2 Rfc8 22.Rdc2 Nf6
23.Bf1 Ne4 24.Qe3 Bb7 25.f3 Ng5 26.Bg2 Ba6 27.h4 Nf7 28.Qb3 Bb7 29.f4 Bxg2
30.Kxg2 Nd6 31.c5 bxc5 32.Rxc5 Kf7 33.Rxc7 Rxc7 34.Rxc7 Qxc7 35.d5 exd5  1/2-1/2

[Event "11th Curacao Open"]
[Site "Curacao AHO"]
[Date "2011.07.23"]
[Round "2"]
[White "Lopez,Ja"]
[Black "Pesqueira,J"]
[Result "1-0"]
[WhiteElo "2127"]
[BlackElo "1981"]

1.d4 Nf6 2.c4 e6 3.Nf3 b6 4.Nc3 Bb7 5.g3 d5 6.cxd5 exd5 7.Bg2 Be7 8.O-O O-O
9.b3 Re8 10.Bb2 Ne4 11.Ne5 Nxc3 12.Bxc3 f6 13.Nd3 a5 14.e3 Kh8 15.Nf4 Bb4
16.Bb2 g6 17.a3 Bf8 18.e4 dxe4 19.d5 Bg7 20.Ne6 Qd6 21.Re1 Nd7 22.Bxe4 Nc5
23.Nxc5 Qxc5 24.Rc1 Qd6 25.Qd4 Re7 26.Bf3 Rae8 27.Rxe7 Rxe7 28.Kg2 Kg8 29.Rd1 f5
30.Qd2 Bxb2 31.Qxb2 Rd7 32.b4 axb4 33.axb4 Re7 34.Qa2 Re5 35.Qa7  1-0

[Event "4th Paleohora Open"]
[Site "Paleochora GRE"]
[Date "2011.07.24"]
[Round "6"]
[White "Svetushkin,D"]
[Black "Sandalakis,A"]
[Result "1-0"]
[WhiteElo "2576"]
[BlackElo "2383"]

1.d4 Nf6 2.c4 e6 3.Nf3 b6 4.Nc3 Bb4 5.Bg5 Bb7 6.Nd2 h6 7.Bh4 c5 8.d5 Bxc3
9.bxc3 exd5 10.cxd5 Qe7 11.c4 d6 12.e4 Nbd7 13.Be2 O-O-O 14.a4 a5 15.Rb1 g5
16.Bg3 Nxe4 17.Nxe4 Qxe4 18.O-O Kc7 19.f4 g4 20.Bd3 Qd4+ 21.Bf2 Qf6 22.Qxg4 Ba6
23.Rfc1 Rhg8 24.Qh4 Qg7 25.Qh3 Nf6 26.Bf1 Ng4 27.Re1 f5 28.Qb3 Rb8 29.Bg3 Bc8
30.Be2 Qd4+ 31.Kh1 Nf2+ 32.Bxf2 Qxf2 33.Bf3 Qh4 34.Re6 Bd7 35.Qe3 Rbe8 36.g3 Qh3
37.Qb3 Rb8 38.Re7 Kd8 39.Rxd7+ Kxd7 40.Qb5+ Ke7 41.Re1+ Kf6 42.Bg2 Qh5 43.Re6+ Kg7
44.Qd7+ Kh8 45.g4 Qh4 46.Qxd6 Kh7 47.g5 hxg5 48.Qc7+ Rg7 49.Qxb8 Qg4 50.Qe5  1-0

[Event "6th Edmonton International"]
[Site "Edmonton CAN"]
[Date "2011.07.30"]
[Round "5"]
[White "Porper,E"]
[Black "Abrahamyan,T"]
[Result "0-1"]
[WhiteElo "2444"]
[BlackElo "2343"]

1.d4 Nf6 2.c4 e6 3.Nf3 b6 4.Nc3 Bb4 5.Bg5 h6 6.Bh4 g5 7.Bg3 Ne4 8.Qc2 Bb7
9.e3 f5 10.Nd2 Bxc3 11.bxc3 d6 12.f3 Nxg3 13.hxg3 Qf6 14.Bd3 Nd7 15.Qa4 Qg7
16.c5 dxc5 17.Bb5 cxd4 18.cxd4 a6 19.Bc6 O-O-O 20.Nc4 Nb8 21.Bxb7+ Kxb7 22.Qc2 h5
23.Rb1 h4 24.g4 Rd5 25.gxf5 exf5 26.Ne5 f4 27.Qe4 Rd8 28.O-O Ka7 29.Rfd1 fxe3
30.Qxe3 c5 31.Qb3 Qc7 32.Rbc1 Rxd4 33.Rxd4 Rxd4 34.Qe6 Rd6 35.Qe8 Rd8 36.Qe6 Qd6
37.Qf7+ Ka8 38.Nc4 Qc6 39.Re1 Rd7 40.Qg8 Qc7 41.Qxg5 h3 42.Qe5 b5 43.Qe4+ Ka7
44.Ne5 Rd4 45.Qf5 hxg2 46.Ng6 Nd7 47.f4 c4 48.Qe6 Rd3 49.Ne7 Qb6+ 50.Qxb6+ Kxb6
51.f5 Rd2 52.f6 c3 53.Re6+ Ka5  0-1

[Event "Tabor Open"]
[Site "Tabor CZE"]
[Date "2011.08.02"]
[Round "4.2"]
[White "Lechtynsky,J"]
[Black "Dolezal,Ra1"]
[Result "1/2-1/2"]
[WhiteElo "2349"]
[BlackElo "2379"]

1.d4 Nf6 2.Nf3 e6 3.c4 b6 4.Nc3 Bb4 5.Bg5 Bb7 6.e3 h6 7.Bh4 g5 8.Bg3 Ne4
9.Qc2 Bxc3+ 10.bxc3 d6 11.Bd3 f5 12.d5 exd5 13.cxd5 Bxd5 14.Nd4 Qf6 15.f3 Nxg3
16.hxg3 Nd7 17.Bxf5 Nc5 18.g4 Bc4 19.Kf2 Kf8 20.Rh3 Kg7 21.Rah1 Rae8 22.Qd2 Ne6
23.Bxe6 Bxe6  1/2-1/2

[Event "FSIMB August"]
[Site "Budapest HUN"]
[Date "2011.08.09"]
[Round "4"]
[White "Petran,Pa"]
[Black "Brinck Claussen,B"]
[Result "1/2-1/2"]
[WhiteElo "2384"]
[BlackElo "2276"]

1.d4 Nf6 2.c4 e6 3.Nf3 b6 4.Nc3 Bb4 5.Bg5 Bb7 6.Nd2 h6 7.Bh4 O-O 8.a3 Be7
9.Qc2 c5 10.dxc5 bxc5 11.e3 a5 12.Be2 Bxg2 13.Rg1 Bc6 14.O-O-O d6 15.f4 Nbd7
16.Rg3 Ne8 17.Bxe7 Qxe7 18.Rdg1 Kh8 19.Bf3 Bxf3 20.Nxf3 Ndf6 21.Qg2 Nh5 22.Rh3 Nef6
23.Ne5 dxe5 24.fxe5 g6 25.exf6 Qxf6 26.Rf1 Qg7 27.Qc6 Rac8 28.Qb6 Qe5 29.Rhf3 f5
30.Nb5 Rfd8 31.Qxa5 Rd3 32.Nc3 Rxe3 33.Rxe3 Qxe3+ 34.Kc2 Qe5 35.Rf2 Qc7 36.Qa6 Qc6
37.Qa7 Rc7 38.Qb8+ Kg7 39.Rd2 Nf6 40.Rd8 Rb7 41.Qg3 Qb6 42.Qd6 Qxd6 43.Rxd6 Kf7
44.Rc6 Nd7 45.Nb5 Rb6 46.Rc7 Ke7 47.b4 Kd8 48.bxc5 Ra6 49.Kc3 g5 50.Kd4 f4
51.c6 Nb8 52.Rh7 Nxc6+ 53.Ke4 Ne7 54.Rxh6 Rc6 55.Kd3 Kd7 56.Rh7 Rc5 57.Nd4 Re5
58.Rxe7+ Kxe7 59.Nc6+ Kd6 60.Nxe5 Kxe5 61.h3 Kd6 62.a4 e5 63.a5 Kc6 64.Ke4 Kc5
65.Kf3 Kc6  1/2-1/2

[Event "ch-SLO w 2011"]
[Site "Ljubljana SLO"]
[Date "2011.08.10"]
[Round "5"]
[White "Stevanec,L"]
[Black "Krivec,J"]
[Result "1-0"]
[WhiteElo "2072"]
[BlackElo "2304"]

1.d4 Nf6 2.c4 e6 3.Nf3 b6 4.Nc3 Bb4 5.Bd2 Bb7 6.e3 O-O 7.Be2 Bxc3 8.Bxc3 Ne4
9.Rc1 d6 10.O-O f5 11.b4 Rf6 12.Ba1 Rh6 13.d5 e5 14.c5 bxc5 15.bxc5 Ba6 16.c6 g5
17.Bxa6 Nxa6 18.Nxe5 dxe5 19.Bxe5 Qe7 20.Ba1 g4 21.Qd4 Qf6 22.Rfd1 Qxd4 23.Rxd4 Rd6
24.f3 gxf3 25.gxf3 Rg6+ 26.Kf1 Ng5 27.Ra4 Nxf3 28.Kf2 Nh4 29.Rxh4 Rb8 30.a3 Rb5
31.Bd4 Rxd5 32.Bxa7 Rd2+ 33.Kf3 Rgg2 34.Kf4 Rc2 35.Rd1 Rc4+ 36.Rd4 Rxd4+
37.Bxd4 Rf2+ 38.Ke5 Nb8 39.Kd5 Rc2 40.Bc5 Na6 41.Be7 Nb8 42.Bc5 Rd2+ 43.Bd4 Rc2
44.Rh6 Ra2 45.Rf6 Rxa3 46.Bc5 Rd3+ 47.Kc4 Rd8 48.Kb5 Kg7 49.Rxf5 Kg6 50.Rf8 Nxc6
51.Kxc6 Rd2 52.h4 Kh5 53.Rf4 Rh2 54.Be7 Rc2+ 55.Kd5 c6+ 56.Kd4 Rd2+ 57.Kc5 Re2
58.Re4 Rc2+ 59.Rc4 Re2 60.e4 Kg4 61.Kxc6 Kf4 62.Kd5 Ra2 63.Bg5+ Kg4 64.e5+ Kf5
65.Rf4+ Kg6 66.Be7  1-0

[Event "Stare Mesto FIDE Open"]
[Site "Stare Mesto CZE"]
[Date "2011.08.13"]
[Round "2.2"]
[White "Vokac,M"]
[Black "Dobes,V"]
[Result "1-0"]
[WhiteElo "2499"]
[BlackElo "2071"]

1.d4 Nf6 2.c4 e6 3.Nf3 b6 4.Nc3 Bb4 5.Bg5 Bb7 6.e3 h6 7.Bh4 g5 8.Bg3 d6 9.Qa4+ Nc6
10.Rc1 Bxc3+ 11.Rxc3 Qd7 12.Bd3 Ne5 13.Qxd7+ Nexd7 14.O-O Nh5 15.Nd2 Nxg3
16.hxg3 c5 17.Rd1 Ke7 18.f3 Rac8 19.Kf2 h5 20.Be4 cxd4 21.exd4 d5 22.cxd5 exd5
23.Rxc8 Rxc8 24.Bf5 Rc7 25.Nb1 Nf6 26.Nc3 Ba6 27.f4 gxf4 28.gxf4 Kd8 29.Re1 Re7
30.Re5 Bb7 31.Kg3 Ne4+ 32.Kh4 Nxc3 33.Rxe7 Kxe7 34.bxc3 Kf6 35.Bd3 Bc8 36.Kxh5 Bf5
37.Bf1 Bb1 38.a3 Kf5 39.g3 Ke4  1-0

[Event "50th World Juniors"]
[Site "Chennai IND"]
[Date "2011.08.15"]
[Round "13"]
[White "Ashwath,R"]
[Black "Chaithanyaa,K"]
[Result "1/2-1/2"]
[WhiteElo "2259"]
[BlackElo "2088"]

1.d4 Nf6 2.c4 e6 3.Nf3 b6 4.Nc3 Bb7 5.Bg5 Be7 6.Qc2 d5 7.e3 Nbd7 8.cxd5 exd5
9.Bd3 O-O 10.O-O Ne4 11.Bf4 f5 12.Nb5 Bd6 13.Ne5 Bxe5 14.Bxe5 Nxe5 15.dxe5 Ba6
16.Nd4 Bxd3 17.Qxd3 Qe8 18.Nxf5 Rd8 19.Nd4 c5 20.f3 cxd4 21.fxe4 Rxf1+ 22.Rxf1 Qxe5
23.exd4 Qxe4 24.Rf3 Qe1+ 25.Rf1 Qe4 26.Rf3 Qe1+ 27.Rf1  1/2-1/2

[Event "26th Universiade Men"]
[Site "Shenzhen CHN"]
[Date "2011.08.18"]
[Round "5"]
[White "Goh Koon Jong,J"]
[Black "Klaasen,C"]
[Result "1-0"]
[WhiteElo "2415"]
[BlackElo "2068"]

1.d4 Nf6 2.c4 e6 3.Nf3 b6 4.Nc3 Bb4 5.Qb3 a5 6.Bg5 h6 7.Bh4 Bb7 8.e3 Nc6
9.a3 a4 10.Qc2 Bxc3+ 11.Qxc3 Na5 12.Rd1 O-O 13.Qc2 Nb3 14.Bd3 c5 15.d5 g5
16.Bg3 exd5 17.cxd5 Bxd5 18.h4 g4 19.Ne5 h5 20.Bf5 Qe7  1-0

[Event "Stare Mesto FIDE Open"]
[Site "Stare Mesto CZE"]
[Date "2011.08.18"]
[Round "8"]
[White "Lechtynsky,J"]
[Black "Jurcik,Mart"]
[Result "1/2-1/2"]
[WhiteElo "2349"]
[BlackElo "2360"]

1.d4 Nf6 2.Nf3 e6 3.c4 b6 4.Nc3 Bb7 5.Bg5 Be7 6.e3 O-O 7.Bd3 c5 8.O-O cxd4
9.exd4 d5 10.Qe2 dxc4 11.Bxc4 h6 12.Bh4 Nc6 13.Rad1 Nb4 14.Ne5 Nbd5 15.Nxd5 Bxd5
16.b3 Bb7 17.Bg3 Nd5  1/2-1/2

[Event "Trade Fair Open A"]
[Site "Brno CZE"]
[Date "2011.08.21"]
[Round "2"]
[White "Pacher,M"]
[Black "Bednar,Jak"]
[Result "1-0"]
[WhiteElo "2408"]
[BlackElo "2134"]

1.d4 Nf6 2.c4 e6 3.Nf3 b6 4.Nc3 Bb4 5.Bg5 h6 6.Bh4 Bb7 7.Nd2 c5 8.d5 Bxc3
9.bxc3 d6 10.e4 e5 11.f3 Nbd7 12.Bd3 Nf8 13.Bf2 Qd7 14.Nf1 Nh5 15.g3 g6 16.Ne3 Bc8
17.O-O Qe7 18.Ng2 Bh3 19.Be3 Nd7 20.a4 Ng7 21.a5 h5 22.axb6 Nxb6 23.Ra2 O-O
24.Kh1 a5 25.f4 f6 26.Rg1 Bxg2+ 27.Raxg2 f5 28.fxe5 fxe4 29.exd6 Qxd6 30.Bxe4 Qe7
31.Qb1 Nxc4 32.d6 Qxd6 33.Bf4 Qa6 34.Bb7 Qf6 35.Bd5+ Kh7  1-0

[Event "Brasschaat Masters"]
[Site "Brasschaat BEL"]
[Date "2011.08.23"]
[Round "4.4"]
[White "De Schampheleire,G"]
[Black "De Vos,N"]
[Result "1-0"]
[WhiteElo "2263"]
[BlackElo "2239"]

1.d4 Nf6 2.c4 e6 3.Nf3 b6 4.Nc3 Bb4 5.Bg5 h6 6.Bh4 Bb7 7.e3 O-O 8.Qc2 c5
9.Rd1 cxd4 10.Nxd4 Be7 11.e4 d5 12.cxd5 exd5 13.Nf5 Nc6 14.exd5 Nb4 15.Qd2 Qd7
16.Nxe7+ Qxe7+ 17.Be2 Rad8 18.d6 Qe6 19.O-O Ne4 20.Nxe4 Qxe4 21.Bf3 Qxh4
22.Bxb7 Rd7 23.g3 Qg4 24.Bg2 Na6 25.Bc6 Rdd8 26.Rfe1 Nb8 27.Bb5 a6 28.Be2 Qa4
29.b3 Qa3 30.Bf3 f5 31.Re7 Rf6 32.Qd5+ Kh8 33.Qb7  1-0

[Event "20th Kaerntner Chess Summer"]
[Site "Feffernitz AUT"]
[Date "2011.08.26"]
[Round "7"]
[White "Meschnig,M"]
[Black "Schindler,Gerh"]
[Result "1/2-1/2"]
[WhiteElo "1966"]
[BlackElo "1811"]

1.d4 Nf6 2.c4 e6 3.Nf3 b6 4.Nc3 Bb4 5.Bg5 Bb7 6.e3 O-O 7.Be2 c5 8.O-O Bxc3
9.bxc3 d6 10.dxc5 dxc5 11.Qxd8 Rxd8 12.Bxf6 gxf6 13.Rad1 Nc6 14.Rd2 Rxd2
15.Nxd2 Rd8 16.Rd1 Kf8 17.Ne4 Rxd1+ 18.Bxd1 Ke7 19.Be2 f5  1/2-1/2

[Event "10th Sunny Beach Open"]
[Site "Sunny Beach BUL"]
[Date "2011.08.28"]
[Round "2.60"]
[White "Artamonov,Al"]
[Black "Svoboda,Frantisek"]
[Result "1-0"]
[WhiteElo "2048"]
[BlackElo "1775"]

1.d4 Nf6 2.c4 e6 3.Nf3 b6 4.Nc3 Bb7 5.e3 Bb4 6.Bd3 d5 7.O-O Nbd7 8.Qe2 O-O
9.Rd1 a6 10.Bd2 Bd6 11.e4 dxe4 12.Nxe4 Nxe4 13.Bxe4 Bxe4 14.Qxe4 Nf6 15.Qe2 h6
16.Rac1 Qe7 17.Bc3 Nd7 18.Rd3 c5 19.Rcd1 Rfd8 20.Qd2 Kf8 21.dxc5 Nxc5 22.Rxd6  1-0

[Event "10th Sunny Beach Open"]
[Site "Sunny Beach BUL"]
[Date "2011.09.04"]
[Round "9.53"]
[White "Artamonov,Al"]
[Black "Petrov,Vl5"]
[Result "1-0"]
[WhiteElo "2048"]
[BlackElo "1793"]

1.d4 Nf6 2.c4 e6 3.Nf3 b6 4.Nc3 Bb4 5.e3 Bxc3+ 6.bxc3 Bb7 7.Ba3 d6 8.Bd3 Ne4
9.O-O O-O 10.Qc2 f5 11.Nd2 Qh4 12.f3 Nxd2 13.Qxd2 Nd7 14.g3 Qg5 15.Rae1 Rf6
16.f4 Qh5 17.e4 Rg6 18.d5 Nf6 19.e5 dxe5 20.fxe5 Nd7 21.Qe2 Qh3 22.Rf3 b5
23.dxe6 Nxe5 24.Bxf5 Nxf3+ 25.Qxf3 Bxf3 26.Bxh3 Bc6 27.cxb5 Bxb5 28.Re5 Rb8
29.Bf5 Rh6 30.Bc1 Rh5 31.g4 Rh3 32.Be3 g6 33.Bc2 Bc6 34.Bb3 a6 35.e7+ Kg7
36.Bd4 Kh6 37.g5+ Kh5 38.Bd1+ Bf3 39.Bxf3+ Rxf3 40.e8=Q Rxe8 41.Rxe8 Kxg5
42.Re7 Rd3 43.Rxc7 Rd1+ 44.Kg2 Rd2+ 45.Kg3 Rd3+ 46.Kg2 Rd2+ 47.Bf2 Rxa2 48.Rxh7 Rc2
49.Rc7 a5 50.Rc5+ Kh6 51.Kf3 a4 52.Be3+ Kh7 53.Rc7+ Kg8 54.h4 a3 55.Bd4 a2
56.Ra7 Rh2 57.Kg4 Rg2+ 58.Kf4 Rh2 59.Kg5 Rg2+ 60.Kh6 Kf8 61.Bf6 Ke8 62.c4 Rc2
63.Kxg6 Rxc4 64.Rxa2 Rg4+ 65.Bg5 Rc4 66.Rd2  1-0

[Event "34th OFSz Mayor's Cup"]
[Site "Zabrze POL"]
[Date "2011.09.23"]
[Round "1.1"]
[White "Malaniuk,V"]
[Black "Gora,Tomasz"]
[Result "1-0"]
[WhiteElo "2496"]
[BlackElo "1849"]

1.d4 Nf6 2.Nf3 e6 3.c4 b6 4.Nc3 Bb7 5.e3 Bb4 6.Bd3 O-O 7.O-O d5 8.cxd5 Bxc3
9.bxc3 exd5 10.a4 Nc6 11.Ba3 Re8 12.c4 Rc8 13.c5 Ne4 14.Qc2 Re6 15.Nd2 Qh4
16.g3 Qh5 17.f4 Nxd2 18.Qxd2 Rce8 19.Rae1 Na5 20.f5 Rf6 21.Qg2 Rh6 22.h4 f6
23.Bb4 Qf7 24.Bxa5 bxa5 25.Qd2 Bc8 26.Qxa5 g5 27.Qd2 gxh4 28.g4 Qg7 29.Kh2 Kh8
30.Qf2 h3 31.Rg1 c6 32.e4 dxe4 33.Bxe4 Bd7 34.Qf4 Rh4 35.Bf3 h5 36.Rxe8+ Bxe8
37.Qb8 Kh7 38.Qxe8 Qc7+ 39.Rg3 hxg4 40.Qg6+  1-0

[Event "TCh-Central Serbia 2011"]
[Site "Kraljevo SRB"]
[Date "2011.09.25"]
[Round "11.2"]
[White "Mijailovic,Z"]
[Black "Civric,Z"]
[Result "1-0"]
[WhiteElo "2414"]
[BlackElo "2203"]

1.d4 Nf6 2.Nf3 e6 3.c4 b6 4.Nc3 Bb7 5.Bg5 Be7 6.e3 O-O 7.Bd3 c5 8.O-O d6
9.Qe2 Nbd7 10.Rfd1 h6 11.Bh4 a6 12.Rac1 Rc8 13.Nd2 Re8 14.Bg3 Qc7 15.Nde4 Nxe4
16.Bxe4 Bxe4 17.Nxe4 Nf6 18.Nxf6+ Bxf6 19.dxc5 Qxc5 20.Bxd6 Qc6 21.e4 Red8
22.e5 Bg5 23.Rc3 Rd7 24.b3 f5 25.Rcd3 b5 26.c5 g6 27.Rd4 a5 28.h4 Bd8 29.Qd2 g5
30.hxg5 Rg7 31.f3 Rxg5 32.Qe2 Rg6 33.Kf2 Kf7 34.Rh1 Bg5 35.a4 bxa4 36.bxa4 f4
37.Qb5 Rg7 38.Qxc6 Rxc6 39.Rd3 Kg6 40.Rb3 Rc8 41.Rhb1 Rcg8 42.Rb7 Bh4+ 43.Kf1 Rxb7
44.Rxb7 Ra8 45.c6 Ra6 46.c7  1-0

[Event "8th Highlands Open"]
[Site "Zdar nad Sazavou CZE"]
[Date "2011.09.30"]
[Round "8"]
[White "Lauko,M"]
[Black "Svoboda,Frantisek"]
[Result "1-0"]
[WhiteElo "1961"]
[BlackElo "1769"]

1.d4 Nf6 2.Nf3 e6 3.c4 b6 4.Nc3 Bb7 5.a3 Ne4 6.e3 d6 7.Bd3 f5 8.Bxe4 fxe4
9.Nd2 d5 10.Qh5+ g6 11.Qe5 Nd7 12.Qxe6+ Be7 13.Nxd5 Bxd5 14.cxd5 Nf6 15.Nxe4 Nxd5
16.Bd2 Rf8 17.Rc1 Qd7 18.Qc6 Rd8 19.O-O Kf7 20.Qxd7 Rxd7 21.Rc6 Kg7 22.Nc3 Nf6
23.f3 a6 24.Ne4 Nd5 25.Re1 Bh4 26.g3 Be7 27.Kg2 h6 28.h4 Bd8 29.Nf2 Rdf7
30.f4 Ne7 31.Re6 Nf5 32.Bb4 Rg8 33.a4 a5 34.Bc3 Rd7 35.Ng4 Kf7 36.Rc6 Rd6
37.Rxd6 cxd6 38.e4 h5 39.exf5 hxg4 40.fxg6+ Rxg6 41.d5 Rh6 42.f5 Rh5 43.Rf1 Kf8
44.Rf4 Kf7 45.Bd4 Bf6 46.Bxb6 Bxb2 47.Bxa5 Kf6 48.Bd8+ Ke5 49.f6 Rf5 50.f7  1-0

[Event "TCh-CZE Liga 1 Zapad"]
[Site "Czech Rep CZE"]
[Date "2011.10.02"]
[Round "1.7"]
[White "Vecerka, Pavel"]
[Black "Novotny, Jaroslav1"]
[Result "1/2-1/2"]
[WhiteElo "2091"]
[BlackElo "2173"]

1.d4 Nf6 2.Nf3 e6 3.c4 b6 4.Nc3 Bb4 5.Bg5 Bb7 6.e3 Bxc3+ 7.bxc3 d6 8.Be2 Nbd7
9.O-O Qe7 10.Qa4 O-O 11.Nd2 e5 12.Bf3 e4 13.Bg4 h6 14.Bxd7 Qxd7 15.Qxd7 Nxd7
16.Bf4 g5 17.Bg3 f5 18.Rfe1 a5 19.Rab1 Ba6 20.f3 f4 21.Bf2 fxe3 22.Rxe3 exf3
23.gxf3 Rae8 24.Rbe1 Kf7 25.Bg3 Rxe3 26.Rxe3 Nf6 27.a3 Nh5 28.Kf2 Ng7 29.Re4 Nf5
30.h4 Bb7 31.d5 c6 32.hxg5 hxg5 33.Rg4 cxd5 34.Rxg5 Kf6 35.Rg4 Nxg3 36.Kxg3 Re8
37.Kf2 Rh8 38.Kg2 Re8 39.Kf2 Ba6 40.Rd4 Re5  1/2-1/2

[Event "TCh-SUI 2011"]
[Site "Lausanne SUI"]
[Date "2011.10.23"]
[Round "9.6"]
[White "Huss,A"]
[Black "Charmier,G"]
[Result "1-0"]
[WhiteElo "2303"]
[BlackElo "2180"]

1.d4 Nf6 2.c4 e6 3.Nf3 b6 4.Nc3 Bb4 5.Qc2 Bb7 6.a3 Bxc3+ 7.Qxc3 Ne4 8.Qc2 f5
9.e3 d6 10.Bd3 Nd7 11.b4 O-O 12.Bb2 Ng5 13.d5 Nxf3+ 14.gxf3 Ne5 15.f4 Nf3+
16.Ke2 exd5 17.Bxf5 Rxf5 18.Qxf5 d4 19.Qe6+ Kh8 20.e4 Nh4 21.Bxd4 Qf8 22.Rhg1 Ng6
23.Rxg6 hxg6 24.Qxg6 Bxe4 25.Qh6+ Bh7 26.Rg1 Re8+ 27.Kd2 Re7 28.f5 Rf7 29.Rxg7 Rxg7
30.f6 Kg8 31.Qxg7+ Qxg7 32.fxg7 Kf7 33.b5 Bf5 34.h4 Be6 35.Kc3 Kg6 36.a4 Bg8
37.a5 bxa5 38.Bxa7 a4 39.Bb8 a3 40.Bxc7  1-0

[Event "1st Central Asia Cup"]
[Site "Tashkent UZB"]
[Date "2011.10.26"]
[Round "9.3"]
[White "Khoroshev,N"]
[Black "Kotsur,P"]
[Result "0-1"]
[WhiteElo "2263"]
[BlackElo "2558"]

1.d4 Nf6 2.c4 e6 3.Nf3 b6 4.Nc3 Bb7 5.a3 d5 6.cxd5 Nxd5 7.Qc2 Be7 8.Nxd5 exd5
9.Bf4 c5 10.g3 O-O 11.Bg2 Nd7 12.O-O Bf6 13.Rad1 Re8 14.Rfe1 Rc8 15.Bh3 cxd4
16.Qf5 Nc5 17.Bg5 Rc6 18.Rxd4 Qe7 19.Bg2 Ne4 20.Bxf6 Rxf6 21.Qg4 Nxf2 22.Qg5 Ne4
23.Qe3 Re6 24.Bh3 Rh6 25.Bg2 Rc6 26.Red1 Rc2 27.Ne1 Rc7 28.Nd3 Qf8 29.Qf4 Rc2
30.Rc1 Rxe2 31.Bf1 g5 32.Qf5 Re3 33.Rc7 Re7 34.Rxb7 Rxb7 35.Qxd5 Re7 36.Bg2 Nf6
37.Qxg5+ Qg7 38.Qf4 Qg6 39.Rd6 R7e6 40.Rd8+ Re8 41.Rd6 R8e6 42.Rd8+ Kg7 43.Bf1 Qg4
44.Qf2 Qf3  0-1